Let us C (Record no. 180838)

MARC details
000 -LEADER
fixed length control field 00376nam a2200157Ia 4500
008 - FIXED-LENGTH DATA ELEMENTS--GENERAL INFORMATION
fixed length control field 230917s9999||||xx |||||||||||||| ||und||
040 ## - CATALOGING SOURCE
-- 229529
Original cataloging agency VIVEKANANDA LIBRARY
041 ## - Language
-- English
082 ## - DDC NUMBER
Classification number 005.133 K13L(19)
100 ## - MAIN ENTRY--PERSONAL NAME
Personal name Kanetkar, Yashavant P
245 #0 - TITLE STATEMENT
Title Let us C
250 ## - EDITION STATEMENT
Edition statement 19th ed.
260 ## - PUBLICATION, DISTRIBUTION, ETC. (IMPRINT)
Place of publication, distribution, etc New Delhi
Name of publisher, distributor, etc BPB Publications
Date of publication, distribution, etc 2023
300 ## - PHYSICAL DESCRIPTION
Pages 492 p.
942 ## - ADDED ENTRY ELEMENTS (KOHA)
Koha item type Books
Holdings
Withdrawn status Lost status Damaged status Not for loan Location (home branch) Sublocation or collection (holding branch) Shelving location Date acquired Koha issues (times borrowed) Koha full call number Accession No. Koha date last seen Koha item type Source of classification or shelving scheme
        VIVEKANANDA LIBRARY VIVEKANANDA LIBRARY UIET Library 08/12/2015 9 005.133 K13L(19) 355157 09/03/2026 Books  
        VIVEKANANDA LIBRARY VIVEKANANDA LIBRARY UIET Library 08/12/2015 7 005.133 K13L(19) 355158 17/03/2026 Books  
        VIVEKANANDA LIBRARY VIVEKANANDA LIBRARY UIET Library 08/12/2015 5 005.133 K13L(19) 355159 18/09/2025 Books  
        VIVEKANANDA LIBRARY VIVEKANANDA LIBRARY UIET Library 08/12/2015 9 005.133 K13L(19) 355160 06/01/2026 Books  
        VIVEKANANDA LIBRARY VIVEKANANDA LIBRARY UIET Library 08/12/2015 2 005.133 K13L(19) 355161 14/12/2023 Books  
        VIVEKANANDA LIBRARY VIVEKANANDA LIBRARY UIET Library 08/12/2015 1 005.133 K13L(19) 355162 14/10/2023 Books  
        VIVEKANANDA LIBRARY VIVEKANANDA LIBRARY UIET Library 08/12/2015 5 005.133 K13L(19) 355163 15/12/2025 Books  
        VIVEKANANDA LIBRARY VIVEKANANDA LIBRARY UIET Library 08/12/2015 5 005.133 K13L(19) 355164 17/09/2025 Books  
        VIVEKANANDA LIBRARY VIVEKANANDA LIBRARY UIET Library 08/12/2015 9 005.133 K13L(19) 355165 16/12/2025 Books  
        VIVEKANANDA LIBRARY VIVEKANANDA LIBRARY UIET Library 08/12/2015 12 005.133 K13L(19) 355166 02/02/2026 Books  
        VIVEKANANDA LIBRARY VIVEKANANDA LIBRARY UIET Library 08/12/2015 10 005.133 K13L(19) 355167 04/09/2025 Books  
        VIVEKANANDA LIBRARY VIVEKANANDA LIBRARY UIET Library 08/12/2015 9 005.133 K13L(19) 355168 22/12/2025 Books  
        VIVEKANANDA LIBRARY VIVEKANANDA LIBRARY UIET Library 08/12/2015 5 005.133 K13L(20) 355169 15/04/2026 Books Dewey Decimal Classification
        VIVEKANANDA LIBRARY VIVEKANANDA LIBRARY UIET Library 08/12/2015 1 005.133 K13L(19) 355170 14/10/2023 Books  
        VIVEKANANDA LIBRARY VIVEKANANDA LIBRARY UIET Library 08/12/2015 6 005.133 K13L(19) 355171 18/09/2025 Books  
© Designed and Maintained by Vivekananda Library, MDU Rohtak